000
00260nam a2200085Ia 4500
245
0
_a
The adventure guide of South Africa
100
_a
MARAIS, Jacques Pretoria [South Africa], [c.2012]
_9
86036
942
_c
BK
008
210817s9999 xx 000 0 und d
999
_c
325403
_d
325402